000
00342nam a2200145Ia 4500
008
221030s9999 xx 000 0 und d
041
_a
English
082
_a
105.23
_b
Gup
100
_a
M. L. Gupta
245
0
_a
Economics For Engineering
260
_b
Abhishek Pub
_a
New Delhi
_c
1997
300
_a
178
650
_a
BE Economics
942
_c
BK
999
_c
7378
_d
7378